000 00380nam a2200145Ia 4500
005 20250729165408.0
008 250729s2005 xx 000 0 und d
041 _aeng
082 _a370 KAME
100 _aKamath H D
_9222754
245 _aEducational Standards in Schools
260 _aNew Delhi
_bCommonwealth Publishers
_c2005
300 _a287p
650 _aEducation
_9222755
999 _c235595
_d235595